| 000 | 00379cam a22001211 4500 | ||
|---|---|---|---|
| 082 |
_a942.084 _bHAR _cL-30, P-5 |
||
| 100 | 2 | _aLiddell Hart, Basil Henry, | |
| 245 | 1 | 4 |
_aThe defence of Britain, _cby Liddell Hart. |
| 260 |
_aLondon, _bFaber and Faber limited _c[1939] |
||
| 300 |
_a3 p. l., 9-444 p. _bdiagrs. _c23 cm. |
||
| 526 |
_a0 _b0 _c0 _d942_084000000000000_HAR |
||
| 942 |
_2ddc _cBK |
||
| 999 |
_c551937 _d551937 |
||